Statistics for Airlines at MIA

Click here to take the quiz!

General Stats

  • This quiz has been taken 92 times
  • The average score is 37 of 52

Answer Stats

#Answer% Correct
18Delta Air Lines
98%
4Aeromexico
97%
9American Airlines
97%
34Lufthansa
97%
48United Airlines
95%
7Air France
93%
13British Airways
93%
27LATAM Aregntina
93%
28LATAM Brazil
93%
31LATAM Chile
93%
29LATAM Colombia
93%
30LATAM Ecuador
93%
32LATAM Peru
93%
26KLM
91%
5Air Canada
90%
2Aeroflot
86%
10Avianca
86%
24Iberia
86%
37Qatar Airways
86%
45TAP Air Portugal
86%
1Aer Lingus
84%
44Swiss International Air Lines
84%
16COPA Airlines
83%
49Virgin Atlantic
83%
19El Al
81%
47Turkish Airlines
81%
8Alitalia
79%
52Westjet
78%
22Frontier Airlines
74%
33LOT Polish Airlines
72%
3Aerolineas Argentinas
69%
21Finnair
69%
51Volaris
67%
14Caribbean Airlines
66%
39Scandinavian Airlines
66%
38Royal Air Maroc
64%
50Viva Aerobus
60%
11Bahamasair
57%
6Air Europa
53%
23GOL
52%
25Interjet
48%
36Norwegian
48%
12Boliviana de Aviación
47%
15Cayman Airways
43%
40Sun Country Airlines
38%
41Sunwing
38%
42Surinam Airways
38%
46TUIfly
34%
20Eurowings
28%
35Miami Air
22%
43Swift Air
22%
17Corsair
21%

Score Distribution

Percentile by Number Answered

Percent of People with Each Score

Your Score History

You have not taken this quiz